UBT Library

Game addiction : (Record no. 38931)

000 -LEADER
fixed length control field 00948cam a2200253 a 4500
001 - CONTROL NUMBER
control field 15669330
005 - DATE AND TIME OF LATEST TRANSACTION
control field 20171214072022.0
008 - FIXED-LENGTH DATA ELEMENTS--GENERAL INFORMATION
fixed length control field 090323s2009 ncu b 001 0 eng
010 ## - LIBRARY OF CONGRESS CONTROL NUMBER
LC control number 2009012386
020 ## - INTERNATIONAL STANDARD BOOK NUMBER
International Standard Book Number 9780786443642 (softcover : alk. paper)
020 ## - INTERNATIONAL STANDARD BOOK NUMBER
International Standard Book Number 0786443642 (softcover : alk. paper)
035 ## - SYSTEM CONTROL NUMBER
System control number (OCoLC)ocn277136395
040 ## - CATALOGING SOURCE
Original cataloging agency DLC
Transcribing agency DLC
Modifying agency YDXCP
-- BTCTA
-- WIQ
-- CDX
-- C#P
-- BWX
-- DLC
041 ## - LANGUAGE CODE
Language code of text/sound track or separate title eng
080 ## - UNIVERSAL DECIMAL CLASSIFICATION NUMBER
Universal Decimal Classification number 616.8584 SCO
082 00 - DEWEY DECIMAL CLASSIFICATION NUMBER
Classification number 616.8584 SCO
Edition number 22
100 1# - Rafti
Rafti 30
101 ## - Shkurtesa
Shkurtesa SHK
245 10 - TITLE STATEMENT
Title Game addiction :
Statement of responsibility, etc Neils Clark and P. Shavaun Scott.
504 ## - BIBLIOGRAPHY, ETC. NOTE
Bibliography, etc Includes bibliographical references (p. 195-199) and index.
906 ## - LOCAL DATA ELEMENT F, LDF (RLIN)
a 7
b cbc
c orignew
d 1
e ecip
f 20
g y-gencatlg
942 ## - ADDED ENTRY ELEMENTS (KOHA)
Source of classification or shelving scheme
Item type Books
Holdings
Withdrawn status Lost status Source of classification or shelving scheme Damaged status Not for loan Collection code Permanent location Current location Shelving location Date acquired Total Checkouts Full call number Barcode Date last seen Price effective from Koha item type
          Koleksioni i përgjithshem UBT - Lipjan UBT - Lipjan Koleksioni i përgjithshem 12/14/2017   616.8584 SCO 002-2939381 12/14/2017 12/14/2017 Books
UBT Library © 2015-2024. All rights reserved University Education for Business and Technology